MARY BARTON (Record no. 8043)

MARC details
000 -LEADER
fixed length control field 00283nam a2200133Ia 4500
008 - FIXED-LENGTH DATA ELEMENTS--GENERAL INFORMATION
fixed length control field 260604s9999 xx 000 0 und d
020 ## - INTERNATIONAL STANDARD BOOK NUMBER
International Standard Book Number 9789349842342
082 ## - DEWEY DECIMAL CLASSIFICATION NUMBER
Classification number 823.8 GAS
100 ## - MAIN ENTRY--PERSONAL NAME
Personal name GASKELL
9 (RLIN) 35278
245 #0 - TITLE STATEMENT
Title MARY BARTON
260 ## - PUBLICATION, DISTRIBUTION, ETC.
Name of publisher, distributor, etc. DPS
500 ## - GENERAL NOTE
General note Barton
942 ## - ADDED ENTRY ELEMENTS (KOHA)
Koha item type Book
Holdings
Date last seen Total Checkouts Full call number Barcode Cost, replacement price Price effective from Koha item type Lost status Damaged status Not for loan Withdrawn status Home library Current library Shelving location Date acquired Cost, normal purchase price BOOK NO
06/04/2026   823.8 GAS 003661 1195.00 06/04/2026 Book         Indian Institute of Management Visakhapatnam Indian Institute of Management Visakhapatnam   06/04/2026 1195.00 GAS

Copyright © 2024 Indian Institute of Management Visakhapatnam
Koha v23.05